Sophocle

Gorde:
Xehetasun bibliografikoak
Formatua: Liburua
Hizkuntza:frantsesa
Argitaratua: París Les Belles Lettres 1955
Saila:Collection des Universités de France
Gaiak:
Etiketak: Etiketa erantsi
Etiketarik gabe, Izan zaitez lehena erregistro honi etiketa jartzen!

MARC

LEADER 00000nam a2200000 a 4500
001 UCW0281
003 CL-VaPUC
008 921030e19550000FR |||||||||||||||||fre|d
082 0 4 |a 882  |b SOP  |2 21 
245 1 0 |a Sophocle 
300 |a v 
942 |c BK 
945 |d 19921030 00:00:00 
260 |a París  |b Les Belles Lettres  |c 1955 
500 |a v.1: Les trachiniennes, Antigone 
500 |a v.2: Ajax, Oedipe roi, Electre 
500 |a v.3: Philoctete, Oedipe a Colone 
650 7 |a DRAMAS GRIEGOS  |2 CL-VaPUC  |9 304227 
583 |a last modification  |c 19921030 00:00:00  |k Rodrigo Vera 
490 0 |a Collection des Universités de France 
999 |c 215495  |d 215493 
952 |0 0  |1 0  |4 0  |6 882_000000000000000_SOP_1955  |7 0  |8 X  |9 199824  |a BIBART  |b BIBART  |d 2019-11-14  |h v.3  |i 2670976  |o 882 SOP 1955  |p 2670976  |r 2025-03-13  |w 2019-11-14  |y BK_X  |k ART 
952 |0 0  |1 0  |4 0  |6 882_000000000000000_SOP_1955  |7 0  |8 X  |9 199825  |a BIBART  |b BIBART  |d 2019-11-14  |h v.1  |i 1207679  |o 882 SOP 1955  |p 1207679  |r 2025-03-13  |w 2019-11-14  |y BK_X  |k ART 
952 |0 0  |1 0  |4 0  |6 882_000000000000000_SOP_1955  |7 0  |8 X  |9 199826  |a BIBART  |b BIBART  |d 2019-11-14  |h v.2  |i 1207687  |o 882 SOP 1955  |p 1207687  |r 2025-03-13  |w 2019-11-14  |y BK_X  |k ART 
952 |0 0  |1 0  |4 0  |6 882_000000000000000_SOP_1955  |7 0  |8 X  |9 199827  |a BIBART  |b BIBART  |d 2019-11-14  |h v.3  |i 1207695  |o 882 SOP 1955  |p 1207695  |r 2025-03-13  |w 2019-11-14  |y BK_X  |k ART